000 01284 a2200289 4500
003 OSt
005 20180116192353.0
008 120601t xxu||||| |||| 00| 0 eng d
020 _a9789063691714 (hardcover)
020 _a9789063691714 (hardcover)
040 _c0
082 0 4 _a745.2
100 1 _aEissen, Koos.
_93256
245 1 0 _aSketching :
_bdrawing techniques for product designers /
_cKoos Eissen, Roselien Steur.
260 _aAmsterdam :
_bBIS Publishers,
_c2007.
300 _a256 p. :
_bill. ;
_c28 cm.
490 1 _a5th printing.
520 _aSketching is an incredibly broad and practical survey of sketching techniques for product designers. It goes without saying that the book is suited for the classroom, but every design studio will also find this manual an asset, because in spite of the ascendancy of the computer, hand-drawn sketches are still a very much used.
650 1 0 _aIndustrial design
_93257
650 1 0 _aCommercial art
_93258
650 1 0 _aDrawing
_xTechnique
_93259
700 1 _aSteur, Roselien.
_93260
830 0 _a5th printing.
_93261
856 4 0 _3Amazon.com
_uhttp://www.amazon.com/exec/obidos/ASIN/9063691718/chopaconline-20
942 _aSADA
_cBK
_k745.2 EIS 2009
_2ddc
999 _c353002
_d353002